|
|
|
|
| LEADER |
00000nam0a2200000 4500 |
| 001 |
363862 |
| 005 |
20231102011630.0 |
| 035 |
|
|
|a (RuTPU)RU\TPU\retro\21209
|
| 090 |
|
|
|a 363862
|
| 100 |
|
|
|a 20211013d1981 k y0rusy50 ca
|
| 101 |
0 |
|
|a rus
|
| 102 |
|
|
|a RU
|
| 105 |
|
|
|a a z 101zy
|
| 200 |
1 |
|
|a Повышение эффективности штамповочного производства
|e материалы семинара
|f Общество "Знание" РСФСР ; Московский Дом научно-технической пропаганды
|
| 210 |
|
|
|a Москва
|c [Б. и.]
|d 1981
|
| 215 |
|
|
|a 160 с.
|c ил.
|
| 320 |
|
|
|a Библиография в конце статей
|
| 606 |
1 |
|
|a Штамповка металлов, холодная
|x Экономическая эффективность
|2 stltpush
|3 (RuTPU)RU\TPU\subj\19487
|9 44725
|
| 610 |
1 |
|
|a металлы
|
| 610 |
1 |
|
|a металлообработка давлением
|
| 610 |
1 |
|
|a качество
|
| 610 |
1 |
|
|a электрогидроимпульсная штамповка
|
| 610 |
1 |
|
|a штампы
|
| 610 |
1 |
|
|a поковки
|
| 610 |
1 |
|
|a крепежные детали
|
| 610 |
1 |
|
|a производство
|
| 610 |
1 |
|
|a семинары
|
| 675 |
|
|
|a 621.983.003.13(063)
|v 4
|
| 712 |
0 |
2 |
|a Общество "Знание" РСФСР
|c (Москва)
|c (1963-1991)
|2 stltpush
|3 (RuTPU)RU\TPU\col\7484
|9 24337
|
| 712 |
0 |
2 |
|a Московский Дом научно-технической пропаганды
|2 stltpush
|3 (RuTPU)RU\TPU\col\7885
|9 24405
|
| 801 |
|
1 |
|a RU
|b 63413507
|c 20211013
|
| 942 |
|
|
|c BK
|